| 000 -LEADER |
| fixed length control field |
00589nam a22001217a 4500 |
| 008 - FIXED-LENGTH DATA ELEMENTS--GENERAL INFORMATION |
| fixed length control field |
180730b ||||| |||| 00| 0 eng d |
| 100 ## - MAIN ENTRY--AUTHOR'S NAME |
| Author's Name |
Ganz, Cheryl |
| 245 ## - TITLE STATEMENT |
| Title |
Delivering hope, FDR & stamps of the Great Depression |
| 260 ## - PUBLICATION, DISTRIBUTION, ETC. (IMPRINT) |
| Place of publication, distribution, etc. |
Washington, D.C. |
| Name of publisher, distributor, etc. |
Smithsonian National Postal Museum |
| Date of publication, distribution, etc. |
2009 |
| 650 ## - TOPICAL TERM (Tag) |
| Topical term or geographic name |
Roosevelt, Franklin D. (Franklin Delano), 1882-1945 | Farley, James Aloysius | Exhibitions | United States -- 1933-1941 | Commemorative Issues | Souvenir Sheets | Definitive Issues | Farley Issues | Designs | Essays and Proofs | MLC |
| 700 ## - SECONDARY AUTHOR, EDITOR OR ILLUSTRATOR |
| Personal Name |
Piazza, Daniel |
| 700 ## - SECONDARY AUTHOR, EDITOR OR ILLUSTRATOR |
| Personal Name |
Sheahan, M. |